Debt dynamics and global imbalances some conventional views reconsidered /

Bibliographic Details
Main Author: Meredith, Guy.
Corporate Authors: International Monetary Fund. Western Hemisphere Dept., ProQuest (Firm)
Format: Electronic eBook
Language:English
Published: [Washington, D.C.] : International Monetary Fund, 2007.
Series:IMF working paper ; WP/07/4.
Subjects:
Online Access:Click to View
LEADER 01412nam a2200361 a 4500
001 EBC1608455
003 MiAaPQ
005 20200520144314.0
006 m o d |
007 cr cn|||||||||
008 090807s2007 dcua sb 000 0 eng d
035 |a (MiAaPQ)EBC1608455 
035 |a (Au-PeEL)EBL1608455 
035 |a (CaPaEBR)ebr10302893 
035 |a (OCoLC)870245338 
040 |a MiAaPQ  |c MiAaPQ  |d MiAaPQ 
043 |a n-us--- 
050 4 |a HF1014  |b .M47 2007 
100 1 |a Meredith, Guy. 
245 1 0 |a Debt dynamics and global imbalances  |h [electronic resource] :  |b some conventional views reconsidered /  |c prepared by Guy Meredith. 
260 |a [Washington, D.C.] :  |b International Monetary Fund,  |c 2007. 
300 |a 54 p. :  |b ill. 
490 1 |a IMF working paper ;  |v WP/07/4 
500 |a "January 2007." 
504 |a Includes bibliographical references (p. 51-54). 
533 |a Electronic reproduction. Ann Arbor, MI : ProQuest, 2015. Available via World Wide Web. Access may be limited to ProQuest affiliated libraries. 
650 0 |a Balance of trade  |z United States. 
650 0 |a Debts, External  |z United States. 
655 4 |a Electronic books. 
710 2 |a International Monetary Fund.  |b Western Hemisphere Dept. 
710 2 |a ProQuest (Firm) 
830 0 |a IMF working paper ;  |v WP/07/4. 
856 4 0 |u https://ebookcentral.proquest.com/lib/matrademy/detail.action?docID=1608455  |z Click to View